000 00377nam a2200157Ia 4500
008 221030s9999 xx 000 0 und d
020 _a8186555455
041 _aEnglish
082 _a105.23
_bMit
100 _aG. K. Mithal
245 0 _aPracticals in Basic Electronics
_cby G. K. Mithal
260 _bG. K. Pub
_aJabalpur
_c0
300 _a7.3
650 _aECE
942 _cBK
999 _c6920
_d6920